Detalles MARC
| 000 -LÍDER |
| Campo fijo de descripción fija |
01947nam a2200337 i 4500 |
| 001 - NÚMERO DE CONTROL |
| Campo de control |
768714001 |
| 003 - IDENTIFICADOR DEL NÚMERO DE CONTROL |
| Campo de control |
CO-MdFUSB |
| 005 - FECHA Y HORA DE LA ULTIMA TRANSACCIÓN |
| control field |
20260416160143.0 |
| 007 - CAMPO FIJO DE DESCRIPCIÓN FIJA--INFORMACIÓN GENERAL |
| Campo fijo de descripción fija |
ta |
| 008 - ELEMENTOS DE LONGITUD FIJA -- INFORMACIÓN GENERAL |
| Campo fijo de descripción fija -- Información general |
241117t2010 -us||||| |||| 001 0 spa d |
| 020 ## - NÚMERO INTERNACIONAL NORMALIZADO PARA LIBROS |
| Número Internacional Normalizado del libro |
9780882433561 |
| 040 ## - FUENTE DE CATALOGACIÓN |
| Idioma de catalogación |
spa. |
| Agencia de catalogación original |
CO-MdFUSB |
| Agencia que realiza la transcripción |
CO-MdFUSB |
| Agencia que realiza la modificación |
CO-MdFUSBC |
| Convenciones de la descripción |
rda |
| 041 ## - CÓDIGO DE IDIOMA |
| Código de idioma para texto/pista de sonido o título separado |
spa |
| 082 ## - NÚMERO DE CLASIFICACIÓN DECIMAL DEWEY |
| Número de la edición del Dewey |
23 |
| Número de clasificación |
220.07 |
| Clave de autor-Numero de item |
M186 |
| 110 ## - ASIENTO PRINCIPAL--NOMBRE CORPORATIVO |
| Nombre corporativo o de jurisdicción como elemento de entrada |
Vida Nueva |
| 245 13 - TÍTULO |
| Título del Material |
El maestro : |
| Parte restante del título - Subtitulo |
adultos |
| Mención de responsabilidad, etc. |
/ Vida Nueva |
| 264 #1 - PRODUCCIÓN, PUBLICACIÓN, DISTRIBUCIÓN, MANUFACTURA, Y COPYRIGHT |
| Lugar de producción, publicación, distribución, manufactura |
Springfield, Missouri : |
| Nombre del productor, publicador, distribuidor |
Gospel Publishing House |
| Fecha de producción, publicación, distribución, manufactura, o copyright |
[2010] |
| 264 #4 - PRODUCCIÓN, PUBLICACIÓN, DISTRIBUCIÓN, MANUFACTURA, Y COPYRIGHT |
| Fecha de producción, publicación, distribución, manufactura, o copyright |
©2010 |
| 300 ## - DESCRIPCIÓN FÍSICA |
| Extensión |
208 páginas |
| Dimensiones |
; 22 cm |
| 336 ## - TIPO DE CONTENIDO |
| Fuente |
rdacontent |
| Término de tipo de contenido |
texto |
| Código de tipo de contenido |
txt |
| 337 ## - TIPO DE MEDIO |
| Fuente |
rdamedia |
| Nombre del tipo de medio |
sin mediación |
| Código del tipo de medio |
n |
| 338 ## - TIPO DE SOPORTE |
| Fuente |
rdacarrier |
| Nombre del tipo de soporte |
volumen |
| Código Tipo de soporte |
nc |
| 500 ## - NOTA GENERAL |
| Nota General |
Incluye índice |
| 505 ## - NOTA DE CONTENIDO |
| Título |
Unidad 1: |
| Nota de contenido con formato preestablecido |
Efesios: El eterno propósito de Dios.-- El propósito divino. -- Vivos en Cristo. - El misterio de la iglesia. -- El cumplimiento del propósito de Dios.-- La experiencia de la resurrección.-- Sea fuerte en el Señor. |
| Título |
Unidad 2: |
| Nota de contenido con formato preestablecido |
Lo que Cristo elogia. -- Un corazón receptivo. -- Un corazón contrito. -- La fe en la desesperación.-- Personas elogiadas por Cristo. -- Gratitud por la liberación. -- Por qué vino el Espíritu Santo.-- Una sorprendente generosidad.<br/> |
| Título |
Unidad 3: |
| Nota de contenido con formato preestablecido |
Los dos libros de Samuel.-- Samuel: profeta, sacerdote y juez.-- Dios concede un rey a Israel. -- Saúl, un fracaso como líder. -- Dios escoge a un nuevo líder. -- David convertido en rey. -- David y su adoración. -- David peca y se arrepiente. -- Las últimas palabras de David. |
| Título |
Unidad 4: |
| Nota de contenido con formato preestablecido |
El pecado y la santidad.-- El origen y la naturaleza del pecado. -- Las consecuencias del pecado. -- Los beneficios de la salvación. -- Vivir una vida santificada. -- La santidad es vivir como Cristo.<br/><br/> |
| 563 ## - NOTA DE ENCUADERNACIÓN |
| Nota de encuadernación |
Pasta dura |
| 650 #0 - ASIENTO SECUNDARIO DE MATERIA - TERMINO TEMÁTICO |
| Término temático o nombre geográfico como elemento de entrada |
Estudios bíblicos |
| 9 (RLIN) |
1781 |
| 653 ## - TÉRMINO DE INDIZACIÓN - NO CONTROLADO |
| Término no controlado |
Biblia — Estudio y enseñanza |
| 653 ## - TÉRMINO DE INDIZACIÓN - NO CONTROLADO |
| Término no controlado |
Educación cristiana de adultos |
| 942 ## - TIPO DE MATERIAL (KOHA) |
| Tipo de Item KOHA |
Libros General |
| 945 ## - INFORMACIÓN LOCAL DEL REGISTRO |
| Catalogador |
Catherine Arias Alvarez |